000 00552nam a2200229Ia 4500
003 OSt
005 20221005132654.0
006 a|||||r|||| 00| 0
007 ta
008 221004b |||||||| |||| 00| 0 eng d
024 _a51828
037 _cTextual
040 _aCRL
_cCRL
_beng
041 _2eng
_aeng
082 _aT4z7, H9;1
100 _aRajagopalachari C
245 0 _aUniversities addresses
260 _c1964
650 _aEDUCATION
942 _hT4z7, H9;1
_cTEXL
_2cc
999 _c1064463
_d1064463